| 000 | 00508nam a2200181Ia 4500 | ||
|---|---|---|---|
| 003 | GCL | ||
| 008 | 140319s9999 xx 000 0 ara d | ||
| 040 |
_aGCL / _cGCL |
||
| 082 | 0 | 4 |
_a950.3 _bه م |
| 100 | 1 | _aسعد احمد حسين | |
| 245 | 1 | 0 |
_aموجز تاريخ جنوب شرق اسيا / _cسعد احمد حسين |
| 700 | 1 | _aهاربون, بريان | |
| 300 | _a357 | ||
| 490 |
_aالالف كتاب _v0 |
||
| 650 | 0 | 4 | _aالتاريخ |
| 650 | 0 | 4 | _aجنوب شرق اسيا |
| 942 |
_2ddc _cBK |
||
| 999 |
_c44072 _d44072 |
||